| 000 | 00771nam a2200229Ii 4500 | ||
|---|---|---|---|
| 003 | JO-AjNU | ||
| 008 | 230605s9999||||xx |||||||||||||| ||und|| | ||
| 017 | _a2006/4/764 | ||
| 020 | _a9957-466-40-2 | ||
| 040 |
_aJO-AjNU _bara _erda _cJO-AjNU |
||
| 041 | _aara | ||
| 050 | 1 | 4 | _aHG221.K4434 2006 |
| 100 | 3 |
_aخلف،فليح حسن, _eauthor _928347 |
|
| 245 | 0 | 0 | _aالنقود والبنوك |
| 250 | _aط1 | ||
| 264 | 3 | 1 | _aعمان، اربد: جدارا للكتاب العالمي، عالم الكتب الحديث، 2006 |
| 300 |
_a410ص _bيحتوي على ببلوغرافية من 408-410ص |
||
| 336 |
_atext _btxt _2rdacontent |
||
| 337 |
_aunmediated _bn _2rdamedia |
||
| 338 |
_avolume _bnc _2rdacarrier |
||
| 650 | 4 |
_aالبنوك- النقود _928348 |
|
| 999 |
_aA10984 _c14552 _d14552 |
||